000 00288nam a22001337a 4500
008 180922b xxu||||| |||| 00| 0 eng d
020 _a069709703
041 _aeng
080 _a611
100 _a7
101 _aANA
245 _aHuman Anatomy Physiology
_cHole, J.W
942 _2udc
_cBK
999 _c48284
_d48284